| 000 | 00971nam a2200205Ia 4500 | ||
|---|---|---|---|
| 003 | OSt | ||
| 005 | 20241120090632.0 | ||
| 007 | ca aa aaaaa | ||
| 008 | 201103s9999 xx 000 0 und d | ||
| 040 | _cSSBUL | ||
| 041 | _abur | ||
| 082 |
_a၂၉၄.၃၄၃၅ အ _223 _b၉၁၉၉ S-SAT |
||
| 100 | _a အရိယဝံသ၊ ဘဒ္ဒန္တ၊ ကချင်ဆရာတော် | ||
| 245 | 0 |
_aကျွန်ုပ်နှင့်ရဟန်းဒကာ၊ ဒကာမတို့ဘုရားတည်ခြင်း/ _cကချင်ဆရာတော်ဘဒ္ဒန္တအရိယဝံသ |
|
| 260 |
_a[နေရာမပါ]၊ _b[ထုတ်ဝေသူမပါ]၊ _c၂၀၁၄။ |
||
| 300 |
_a၁၂၉ စာမျက်နှာ၊ _bရုပ်ပုံများ ၊ _c၂၁ စင်တီ။ |
||
| 500 | _aS-SAT: Dr.Sai Aung Tun Collection | ||
| 650 |
_aစေတီပုထိုး _912797 |
||
| 942 |
_2ddc _cBK1 |
||
| 999 |
_c16794 _d16794 |
||